[Event "DEM U10w 2025"]
[Site "Willingen GER"]
[Date "2025.06.14"]
[Round "9"]
[White "Rose, Malina Rita"]
[Black "Sniegowski, Amalia"]
[Result "1-0"]
[Termination "normal"]
[Board "7"]
[WhiteElo "1549"]
[BlackElo "1411"]
[WhiteClock "00:43:44"]
[BlackClock "00:05:56"]
[PlyCount "119"]
[WhiteFideId "34665749"]
[BlackFideId "34675620"]
[EventCountry "GER"]
[EventRounds "9"]
[EventType "swiss"]
[EventDate "2025.06.07"]

1. e4 {[%clk 01:30:56]} {[%emt 00:00:04]} c5 {[%clk 01:30:53]} {[%emt
00:00:07]} 2. Nf3 {[%clk 01:31:08]} {[%emt 00:00:18]} g6 {[%clk 01:31:11]}
{[%emt 00:00:12]} 3. Nc3 {[%clk 01:31:27]} {[%emt 00:00:12]} Bg7 {[%clk
01:31:11]} {[%emt 00:00:29]} 4. d4 {[%clk 01:31:29]} {[%emt 00:00:28]} cxd4
{[%clk 01:31:28]} {[%emt 00:00:14]} 5. Nxd4 {[%clk 01:31:50]} {[%emt 00:00:09]}
Nc6 {[%clk 01:31:42]} {[%emt 00:00:15]} 6. Nxc6 {[%clk 01:31:50]} {[%emt
00:00:30]} bxc6 {[%clk 01:32:00]} {[%emt 00:00:12]} 7. Bc4 {[%clk 01:31:17]}
{[%emt 00:01:03]} Nf6 {[%clk 01:28:30]} {[%emt 00:04:01]} 8. O-O {[%clk
01:30:23]} {[%emt 00:01:23]} O-O {[%clk 01:27:20]} {[%emt 00:01:40]} 9. Re1
{[%clk 01:29:28]} {[%emt 00:01:25]} Rb8 {[%clk 01:23:32]} {[%emt 00:04:19]} 10.
Rb1 {[%clk 01:28:21]} {[%emt 00:01:36]} d6 {[%clk 01:20:06]} {[%emt 00:03:57]}
11. h3 {[%clk 01:25:49]} {[%emt 00:03:02]} Re8 {[%clk 01:15:21]} {[%emt
00:05:14]} 12. Bg5 {[%clk 01:25:04]} {[%emt 00:01:09]} Qa5 {[%clk 01:14:06]}
{[%emt 00:01:51]} 13. Bd2 {[%clk 01:22:28]} {[%emt 00:03:06]} Qc7 {[%clk
01:11:26]} {[%emt 00:03:11]} 14. Qf3 {[%clk 01:19:42]} {[%emt 00:03:14]} Bd7
{[%clk 01:04:24]} {[%emt 00:07:33]} 15. Bf4 {[%clk 01:16:49]} {[%emt 00:03:22]}
Qb6 {[%clk 00:56:36]} {[%emt 00:08:15]} 16. e5 {[%clk 01:13:08]} {[%emt
00:04:14]} dxe5 {[%clk 00:55:07]} {[%emt 00:02:00]} 17. Bxe5 {[%clk 01:12:10]}
{[%emt 00:01:28]} Rb7 {[%clk 00:52:59]} {[%emt 00:02:39]} 18. Na4 {[%clk
01:02:44]} {[%emt 00:09:55]} Qb4 {[%clk 00:48:36]} {[%emt 00:04:54]} 19. b3
{[%clk 01:01:18]} {[%emt 00:01:56]} Rf8 {[%clk 00:40:20]} {[%emt 00:08:46]} 20.
Bc3 {[%clk 00:59:39]} {[%emt 00:02:08]} Qd6 {[%clk 00:36:54]} {[%emt 00:03:53]}
21. Rbd1 {[%clk 00:59:25]} {[%emt 00:00:46]} Qb8 {[%clk 00:35:46]} {[%emt
00:01:37]} 22. Nc5 {[%clk 00:58:11]} {[%emt 00:01:44]} Rb6 {[%clk 00:31:14]}
{[%emt 00:05:05]} 23. Bxf6 {[%clk 00:58:03]} {[%emt 00:00:37]} Bxf6 {[%clk
00:30:58]} {[%emt 00:00:46]} 24. Nxd7 {[%clk 00:58:19]} {[%emt 00:00:15]} Qc7
{[%clk 00:29:56]} {[%emt 00:01:32]} 25. Nxf8 {[%clk 00:55:55]} {[%emt
00:02:53]} Kxf8 {[%clk 00:29:36]} {[%emt 00:00:50]} 26. Qg3 {[%clk 00:55:37]}
{[%emt 00:00:44]} Qb7 {[%clk 00:27:58]} {[%emt 00:02:12]} 27. Rd3 {[%clk
00:54:52]} {[%emt 00:01:15]} Kg7 {[%clk 00:26:47]} {[%emt 00:01:41]} 28. Red1
{[%clk 00:54:00]} {[%emt 00:01:22]} e6 {[%clk 00:25:37]} {[%emt 00:01:40]} 29.
Rd7 {[%clk 00:53:55]} {[%emt 00:00:34]} Qc8 {[%clk 00:25:38]} {[%emt 00:00:29]}
30. Qc7 {[%clk 00:52:20]} {[%emt 00:02:00]} Qxc7 {[%clk 00:24:50]} {[%emt
00:01:23]} 31. Rxc7 {[%clk 00:52:18]} {[%emt 00:00:33]} Be5 {[%clk 00:24:57]}
{[%emt 00:00:23]} 32. Rxa7 {[%clk 00:52:06]} {[%emt 00:00:42]} Rb8 {[%clk
00:24:00]} {[%emt 00:01:27]} 33. a4 {[%clk 00:49:41]} {[%emt 00:02:54]} Kf8
{[%clk 00:20:56]} {[%emt 00:03:34]} 34. Rad7 {[%clk 00:48:49]} {[%emt
00:01:11]} Bf6 {[%clk 00:20:17]} {[%emt 00:01:22]} 35. R1d6 {[%clk 00:47:33]}
{[%emt 00:01:45]} c5 {[%clk 00:18:41]} {[%emt 00:02:06]} 36. Rc6 {[%clk
00:44:37]} {[%emt 00:03:24]} Bd4 {[%clk 00:17:51]} {[%emt 00:01:22]} 37. Rdc7
{[%clk 00:44:03]} {[%emt 00:00:43]} Kg7 {[%clk 00:17:55]} {[%emt 00:00:46]} 38.
Rc8 {[%clk 00:44:22]} {[%emt 00:00:12]} Rb7 {[%clk 00:18:10]} {[%emt 00:00:15]}
39. Ba6 {[%clk 00:43:14]} {[%emt 00:01:39]} Rd7 {[%clk 00:18:11]} {[%emt
00:00:28]} 40. Bd3 {[%clk 00:42:33]} {[%emt 00:01:08]} h5 {[%clk 00:16:29]}
{[%emt 00:02:14]} 41. a5 {[%clk 00:42:53]} {[%emt 00:00:11]} Ra7 {[%clk
00:16:33]} {[%emt 00:00:25]} 42. Ra6 {[%clk 00:43:09]} {[%emt 00:00:14]} Rb7
{[%clk 00:16:36]} {[%emt 00:00:27]} 43. Raa8 {[%clk 00:42:49]} {[%emt
00:00:50]} Rd7 {[%clk 00:14:57]} {[%emt 00:02:10]} 44. a6 {[%clk 00:43:04]}
{[%emt 00:00:16]} Kf6 {[%clk 00:14:53]} {[%emt 00:00:34]} 45. Rab8 {[%clk
00:42:32]} {[%emt 00:01:01]} c4 {[%clk 00:13:11]} {[%emt 00:02:12]} 46. Bxc4
{[%clk 00:41:57]} {[%emt 00:01:04]} Be5 {[%clk 00:09:45]} {[%emt 00:03:57]} 47.
Rb7 {[%clk 00:41:45]} {[%emt 00:00:42]} Rd1+ {[%clk 00:09:46]} {[%emt
00:00:29]} 48. Bf1 {[%clk 00:42:07]} {[%emt 00:00:07]} Bd4 {[%clk 00:09:37]}
{[%emt 00:00:40]} 49. a7 {[%clk 00:42:15]} {[%emt 00:00:23]} Bxa7 {[%clk
00:09:58]} {[%emt 00:00:08]} 50. Rxa7 {[%clk 00:42:37]} {[%emt 00:00:08]} Rc1
{[%clk 00:10:07]} {[%emt 00:00:20]} 51. c4 {[%clk 00:43:00]} {[%emt 00:00:08]}
Ke5 {[%clk 00:10:28]} {[%emt 00:00:10]} 52. Rd7 {[%clk 00:43:12]} {[%emt
00:00:17]} Kf6 {[%clk 00:08:43]} {[%emt 00:02:15]} 53. b4 {[%clk 00:42:53]}
{[%emt 00:00:49]} Rb1 {[%clk 00:08:04]} {[%emt 00:01:10]} 54. b5 {[%clk
00:43:13]} {[%emt 00:00:09]} e5 {[%clk 00:08:22]} {[%emt 00:00:13]} 55. c5
{[%clk 00:43:06]} {[%emt 00:00:37]} Ke6 {[%clk 00:08:31]} {[%emt 00:00:20]} 56.
Rd2 {[%clk 00:43:07]} {[%emt 00:00:29]} Ke7 {[%clk 00:06:47]} {[%emt 00:02:15]}
57. c6 {[%clk 00:43:21]} {[%emt 00:00:15]} Ke6 {[%clk 00:06:11]} {[%emt
00:01:05]} 58. Rcd8 {[%clk 00:43:20]} {[%emt 00:00:32]} Ke7 {[%clk 00:05:38]}
{[%emt 00:01:04]} 59. c7 {[%clk 00:43:28]} {[%emt 00:00:21]} Rc1 {[%clk
00:05:56]} {[%emt 00:00:12]} 60. c8=Q {[%clk 00:43:44]} {[%emt 00:00:17]} 1-0

[Event "DEM U10w 2025"]
[Site "Willingen GER"]
[Date "2025.06.14"]
[Round "9"]
[White "Kotliarova, Emily"]
[Black "Reichel, Anneke"]
[Result "1-0"]
[Termination "normal"]
[Board "8"]
[WhiteElo "1480"]
[BlackElo "890"]
[WhiteClock "00:27:45"]
[BlackClock "01:09:11"]
[PlyCount "65"]
[WhiteFideId "34694390"]
[BlackFideId "533043612"]
[EventCountry "GER"]
[EventRounds "9"]
[EventType "swiss"]
[EventDate "2025.06.07"]

1. e4 {[%clk 01:30:59]} d5 {[%clk 01:30:58]} {[%emt 00:00:03]} 2. exd5 {[%clk
01:31:21]} {[%emt 00:00:07]} Nf6 {[%clk 01:31:24]} {[%emt 00:00:05]} 3. d4
{[%clk 01:31:44]} {[%emt 00:00:07]} Nxd5 {[%clk 01:31:49]} {[%emt 00:00:05]} 4.
c4 {[%clk 01:31:57]} {[%emt 00:00:16]} Nb6 {[%clk 01:32:17]} {[%emt 00:00:02]}
5. Nf3 {[%clk 01:32:07]} {[%emt 00:00:19]} g6 {[%clk 01:32:43]} {[%emt
00:00:05]} 6. c5 {[%clk 01:32:04]} {[%emt 00:00:34]} Nd5 {[%clk 01:33:09]}
{[%emt 00:00:04]} 7. Bc4 {[%clk 01:32:14]} {[%emt 00:00:19]} c6 {[%clk
01:33:27]} {[%emt 00:00:13]} 8. Nc3 {[%clk 01:31:19]} {[%emt 00:01:25]} Bg7
{[%clk 01:33:09]} {[%emt 00:00:48]} 9. O-O {[%clk 01:30:54]} {[%emt 00:00:54]}
O-O {[%clk 01:33:33]} {[%emt 00:00:04]} 10. Be3 {[%clk 01:29:29]} {[%emt
00:01:57]} e6 {[%clk 01:33:03]} {[%emt 00:01:00]} 11. Ne4 {[%clk 01:28:07]}
{[%emt 00:01:52]} Nxe3 {[%clk 01:33:12]} {[%emt 00:00:21]} 12. fxe3 {[%clk
01:28:14]} {[%emt 00:00:24]} Nd7 {[%clk 01:30:10]} {[%emt 00:03:31]} 13. Nd6
{[%clk 01:24:46]} {[%emt 00:03:57]} b5 {[%clk 01:26:36]} {[%emt 00:04:05]} 14.
Bb3 {[%clk 01:22:16]} {[%emt 00:02:53]} Nf6 {[%clk 01:22:55]} {[%emt 00:04:19]}
15. e4 {[%clk 01:10:24]} {[%emt 00:12:21]} a5 {[%emt 00:06:30]} 16. Qd2 {[%clk
01:02:02]} {[%emt 00:02:46]} Ng4 {[%clk 01:21:24]} {[%emt 00:02:00]} 17. h3
{[%clk 00:52:37]} {[%emt 00:10:02]} Bh6 {[%clk 01:21:31]} {[%emt 00:00:22]} 18.
Qe2 {[%clk 00:52:51]} {[%emt 00:00:17]} Ne3 {[%clk 01:20:20]} {[%emt 00:01:41]}
19. Rfe1 {[%clk 00:52:13]} {[%emt 00:01:08]} a4 {[%clk 01:18:05]} {[%emt
00:02:45]} 20. Bc2 {[%clk 00:52:32]} {[%emt 00:00:11]} Ba6 {[%clk 01:17:35]}
{[%emt 00:01:00]} 21. Qd2 {[%clk 00:50:35]} {[%emt 00:02:21]} Nxc2 {[%clk
01:16:24]} {[%emt 00:01:48]} 22. Qxc2 {[%clk 00:45:24]} {[%emt 00:05:43]} Qa5
{[%clk 01:15:25]} {[%emt 00:01:26]} 23. a3 {[%clk 00:42:20]} {[%emt 00:03:34]}
Bf4 {[%clk 01:14:10]} {[%emt 00:01:41]} 24. Rad1 {[%clk 00:41:07]} {[%emt
00:01:46]} Rad8 {[%clk 01:13:54]} {[%emt 00:00:47]} 25. e5 {[%clk 00:40:39]}
{[%emt 00:00:58]} f5 {[%clk 01:12:25]} {[%emt 00:01:58]} 26. b3 {[%clk
00:37:41]} {[%emt 00:03:29]} Rb8 {[%clk 01:12:19]} {[%emt 00:00:36]} 27. Qa2
{[%clk 00:36:20]} {[%emt 00:01:44]} Qc3 {[%clk 01:10:15]} {[%emt 00:02:28]} 28.
bxa4 {[%clk 00:34:38]} {[%emt 00:02:26]} Be3+ {[%clk 01:10:32]} {[%emt
00:00:11]} 29. Kh1 {[%clk 00:33:53]} {[%emt 00:01:16]} bxa4 {[%clk 01:09:15]}
{[%emt 00:01:48]} 30. Qxe6+ {[%clk 00:34:15]} {[%emt 00:00:07]} Kg7 {[%clk
01:08:55]} {[%emt 00:00:46]} 31. Qe7+ {[%clk 00:33:19]} {[%emt 00:01:29]} Kg8
{[%clk 01:09:01]} {[%emt 00:00:24]} 32. Rxe3 {[%clk 00:27:37]} {[%emt
00:06:13]} Qxe3 {[%clk 01:09:11]} {[%emt 00:00:20]} 33. Ng5 {[%clk 00:27:45]}
{[%emt 00:00:22]} 1-0

[Event "DEM U10w 2025"]
[Site "Willingen GER"]
[Date "2025.06.14"]
[Round "9"]
[White "Andreeva, Katharina"]
[Black "Ruddat, Maila"]
[Result "1-0"]
[Termination "normal"]
[Board "9"]
[WhiteElo "1614"]
[BlackElo "1573"]
[WhiteClock "00:15:14"]
[BlackClock "00:29:10"]
[PlyCount "63"]
[WhiteFideId "533000905"]
[BlackFideId "34628100"]
[EventCountry "GER"]
[EventRounds "9"]
[EventType "swiss"]
[EventDate "2025.06.07"]

1. e4 {[%clk 01:30:58]} d6 {[%clk 01:30:19]} {[%emt 00:00:42]} 2. d4 {[%clk
01:30:53]} {[%emt 00:00:35]} Nf6 {[%clk 01:30:10]} {[%emt 00:00:39]} 3. Nc3
{[%clk 01:30:12]} {[%emt 00:01:11]} Nbd7 {[%clk 01:30:00]} {[%emt 00:00:39]} 4.
Be3 {[%clk 01:29:50]} {[%emt 00:00:52]} e5 {[%clk 01:29:53]} {[%emt 00:00:38]}
5. d5 {[%clk 01:28:58]} {[%emt 00:01:21]} Be7 {[%clk 01:28:52]} {[%emt
00:01:32]} 6. Nf3 {[%clk 01:28:13]} {[%emt 00:01:13]} c6 {[%clk 01:23:34]}
{[%emt 00:05:49]} 7. Bd3 {[%clk 01:23:43]} {[%emt 00:04:58]} cxd5 {[%clk
01:22:35]} {[%emt 00:01:32]} 8. Nxd5 {[%clk 01:21:25]} {[%emt 00:02:47]} Nxd5
{[%clk 01:22:51]} {[%emt 00:00:15]} 9. exd5 {[%clk 01:21:46]} {[%emt 00:00:08]}
Nf6 {[%clk 01:22:51]} {[%emt 00:00:28]} 10. Bc4 {[%clk 01:18:51]} {[%emt
00:03:24]} a6 {[%clk 01:19:59]} {[%emt 00:03:25]} 11. a4 {[%clk 01:15:10]}
{[%emt 00:04:12]} Bg4 {[%clk 01:18:08]} {[%emt 00:02:20]} 12. h3 {[%clk
01:07:33]} {[%emt 00:08:05]} Bh5 {[%clk 01:18:01]} {[%emt 00:00:39]} 13. g4
{[%clk 01:02:45]} {[%emt 00:05:18]} Bg6 {[%clk 01:15:47]} {[%emt 00:02:43]} 14.
O-O {[%clk 00:48:49]} {[%emt 00:14:26]} h5 {[%clk 01:12:13]} {[%emt 00:04:06]}
15. g5 {[%clk 00:45:18]} {[%emt 00:04:00]} Nh7 {[%clk 01:10:56]} {[%emt
00:01:45]} 16. h4 {[%clk 00:44:18]} {[%emt 00:01:31]} f6 {[%clk 01:10:18]}
{[%emt 00:01:10]} 17. Qd2 {[%clk 00:37:31]} {[%emt 00:07:15]} Be4 {[%clk
01:08:04]} {[%emt 00:02:44]} 18. Be2 {[%clk 00:34:41]} {[%emt 00:03:21]} Bxf3
{[%clk 01:06:00]} {[%emt 00:02:35]} 19. Bxf3 {[%clk 00:34:58]} {[%emt
00:00:13]} g6 {[%clk 01:06:14]} {[%emt 00:00:15]} 20. Be4 {[%clk 00:32:45]}
{[%emt 00:02:40]} Rg8 {[%clk 01:04:39]} {[%emt 00:02:03]} 21. Qd3 {[%clk
00:30:01]} {[%emt 00:03:18]} Nf8 {[%clk 01:00:17]} {[%emt 00:04:50]} 22. Qd2
{[%clk 00:27:59]} {[%emt 00:02:35]} Qd7 {[%clk 00:58:21]} {[%emt 00:02:25]} 23.
Bg2 {[%clk 00:23:09]} {[%emt 00:05:21]} Nh7 {[%clk 00:57:09]} {[%emt 00:01:43]}
24. gxf6 {[%clk 00:22:42]} {[%emt 00:00:57]} Bxf6 {[%clk 00:57:21]} {[%emt
00:00:17]} 25. Bg5 {[%clk 00:21:24]} {[%emt 00:01:49]} Bxg5 {[%clk 00:55:38]}
{[%emt 00:02:12]} 26. hxg5 {[%clk 00:21:23]} {[%emt 00:00:31]} Qg4 {[%clk
00:52:48]} {[%emt 00:03:18]} 27. f4 {[%clk 00:19:51]} {[%emt 00:02:03]} exf4
{[%clk 00:36:47]} {[%emt 00:16:32]} 28. Rxf4 {[%clk 00:19:31]} {[%emt
00:00:47]} Qxg5 {[%clk 00:36:25]} {[%emt 00:00:54]} 29. Qe3+ {[%clk 00:17:46]}
{[%emt 00:02:13]} Kd8 {[%clk 00:29:49]} {[%emt 00:07:09]} 30. Qb6+ {[%clk
00:16:39]} {[%emt 00:01:35]} Kc8 {[%clk 00:29:52]} {[%emt 00:00:26]} 31. Rf7
{[%clk 00:15:45]} {[%emt 00:01:21]} Qd8 {[%clk 00:29:10]} {[%emt 00:01:17]} 32.
Qxb7# {[%clk 00:15:14]} {[%emt 00:00:30]} 1-0

[Event "DEM U10w 2025"]
[Site "Willingen GER"]
[Date "2025.06.14"]
[Round "9"]
[White "Müller, Greta Waltraud"]
[Black "Severin, Selina Jasmin"]
[Result "1/2-1/2"]
[Termination "normal"]
[Board "10"]
[WhiteElo "1362"]
[BlackElo "1148"]
[WhiteClock "00:21:29"]
[BlackClock "00:28:45"]
[PlyCount "150"]
[WhiteFideId "533043590"]
[BlackFideId "533043647"]
[EventCountry "GER"]
[EventRounds "9"]
[EventType "swiss"]
[EventDate "2025.06.07"]

1. e4 {[%clk 01:30:53]} {[%emt 00:00:06]} e6 {[%clk 01:30:57]} {[%emt
00:00:05]} 2. d4 {[%clk 01:31:06]} {[%emt 00:00:16]} d5 {[%clk 01:31:22]}
{[%emt 00:00:05]} 3. exd5 {[%clk 01:31:11]} {[%emt 00:00:25]} exd5 {[%clk
01:31:46]} {[%emt 00:00:07]} 4. Bd3 {[%clk 01:31:04]} {[%emt 00:00:37]} Nc6
{[%clk 01:32:08]} {[%emt 00:00:07]} 5. c3 {[%clk 01:31:04]} {[%emt 00:00:30]}
Bd6 {[%clk 01:32:29]} {[%emt 00:00:09]} 6. h3 {[%clk 01:30:02]} {[%emt
00:01:32]} Nge7 {[%clk 01:32:44]} {[%emt 00:00:16]} 7. Nf3 {[%clk 01:29:32]}
{[%emt 00:00:59]} Bf5 {[%clk 01:32:58]} {[%emt 00:00:17]} 8. Be3 {[%clk
01:29:05]} {[%emt 00:00:57]} Bxd3 {[%clk 01:31:55]} {[%emt 00:01:32]} 9. Qxd3
{[%clk 01:29:02]} {[%emt 00:00:32]} h6 {[%clk 01:31:43]} {[%emt 00:00:43]} 10.
O-O {[%clk 01:28:51]} {[%emt 00:00:41]} O-O {[%clk 01:32:01]} {[%emt 00:00:12]}
11. Nbd2 {[%clk 01:28:35]} {[%emt 00:00:45]} Re8 {[%clk 01:27:55]} {[%emt
00:04:37]} 12. Nb3 {[%clk 01:27:04]} {[%emt 00:02:01]} Ng6 {[%clk 01:24:00]}
{[%emt 00:04:24]} 13. Qd2 {[%clk 01:24:09]} {[%emt 00:03:26]} Nce7 {[%clk
01:17:06]} {[%emt 00:07:25]} 14. Rfe1 {[%clk 01:16:54]} {[%emt 00:07:44]} Nf5
{[%clk 01:15:23]} {[%emt 00:02:14]} 15. Qd3 {[%clk 01:14:10]} {[%emt 00:03:14]}
Nxe3 {[%clk 01:15:20]} {[%emt 00:00:32]} 16. Rxe3 {[%clk 01:14:21]} {[%emt
00:00:18]} Rxe3 {[%clk 01:15:31]} {[%emt 00:00:19]} 17. fxe3 {[%clk 01:13:28]}
{[%emt 00:01:23]} Qe7 {[%clk 01:14:11]} {[%emt 00:01:51]} 18. Re1 {[%clk
01:12:51]} {[%emt 00:01:06]} Re8 {[%clk 01:11:44]} {[%emt 00:02:58]} 19. Na5
{[%clk 01:10:33]} {[%emt 00:02:43]} c6 {[%clk 01:11:05]} {[%emt 00:01:13]} 20.
a3 {[%clk 01:01:50]} {[%emt 00:09:13]} Bg3 {[%clk 01:05:51]} {[%emt 00:05:44]}
21. Rd1 {[%clk 00:58:21]} {[%emt 00:03:58]} Qxe3+ {[%clk 01:03:53]} {[%emt
00:02:29]} 22. Qxe3 {[%clk 00:58:42]} {[%emt 00:00:10]} Rxe3 {[%clk 01:04:17]}
{[%emt 00:00:06]} 23. Nxb7 {[%clk 00:58:15]} {[%emt 00:00:57]} Re2 {[%clk
01:02:10]} {[%emt 00:02:34]} 24. Rd2 {[%clk 00:57:08]} {[%emt 00:01:38]} Rxd2
{[%clk 01:01:46]} {[%emt 00:00:57]} 25. Nxd2 {[%clk 00:57:32]} {[%emt
00:00:06]} Bf4 {[%clk 01:00:39]} {[%emt 00:01:36]} 26. Nb3 {[%clk 00:57:02]}
{[%emt 00:01:01]} Be3+ {[%clk 01:00:44]} {[%emt 00:00:23]} 27. Kf1 {[%clk
00:57:05]} {[%emt 00:00:27]} Kf8 {[%clk 01:00:54]} {[%emt 00:00:20]} 28. Nd6
{[%emt 00:01:06]} Bf4 {[%clk 01:00:13]} {[%emt 00:01:04]} 29. Nc8 {[%clk
00:55:11]} {[%emt 00:01:53]} Bb8 {[%clk 00:59:33]} {[%emt 00:01:11]} 30. Na5
{[%clk 00:54:07]} {[%emt 00:01:32]} Bf4 {[%clk 00:54:31]} {[%emt 00:05:34]} 31.
Nxa7 {[%clk 00:46:30]} {[%emt 00:08:07]} Bc1 {[%clk 00:54:27]} {[%emt
00:00:34]} 32. b4 {[%clk 00:46:09]} {[%emt 00:00:42]} Bxa3 {[%clk 00:53:26]}
{[%emt 00:01:41]} 33. N5xc6 {[%clk 00:46:26]} {[%emt 00:00:13]} Bb2 {[%clk
00:51:17]} {[%emt 00:02:38]} 34. Nb5 {[%clk 00:46:22]} {[%emt 00:00:32]} Ke8
{[%clk 00:50:02]} {[%emt 00:01:44]} 35. Ke1 {[%clk 00:46:10]} {[%emt 00:00:43]}
Bc1 {[%clk 00:48:31]} {[%emt 00:02:04]} 36. Na5 {[%clk 00:43:31]} {[%emt
00:03:06]} Kd7 {[%clk 00:46:36]} {[%emt 00:02:27]} 37. Kd1 {[%clk 00:42:43]}
{[%emt 00:01:17]} Bg5 {[%clk 00:45:52]} {[%emt 00:01:15]} 38. g3 {[%clk
00:41:10]} {[%emt 00:02:03]} Ne7 {[%clk 00:44:42]} {[%emt 00:01:42]} 39. g4
{[%clk 00:38:12]} {[%emt 00:03:29]} Nc6 {[%clk 00:43:37]} {[%emt 00:01:34]} 40.
Nxc6 {[%clk 00:38:20]} {[%emt 00:00:22]} Kxc6 {[%clk 00:43:59]} {[%emt
00:00:08]} 41. Na3 {[%clk 00:38:26]} {[%emt 00:00:23]} Be7 {[%clk 00:41:48]}
{[%emt 00:02:42]} 42. Kc2 {[%clk 00:38:04]} {[%emt 00:00:44]} g6 {[%clk
00:40:03]} {[%emt 00:02:22]} 43. Kd3 {[%clk 00:37:53]} {[%emt 00:00:41]} Bg5
{[%clk 00:39:21]} {[%emt 00:01:12]} 44. c4 {[%clk 00:37:28]} {[%emt 00:00:56]}
Be7 {[%clk 00:36:51]} {[%emt 00:02:59]} 45. Kc3 {[%clk 00:35:17]} {[%emt
00:02:35]} dxc4 {[%clk 00:35:44]} {[%emt 00:01:44]} 46. Kxc4 {[%clk 00:35:26]}
{[%emt 00:00:21]} f5 {[%clk 00:35:51]} {[%emt 00:00:22]} 47. gxf5 {[%clk
00:35:33]} {[%emt 00:00:23]} gxf5 {[%clk 00:36:14]} {[%emt 00:00:08]} 48. Nc2
{[%clk 00:35:54]} {[%emt 00:00:09]} f4 {[%clk 00:35:59]} {[%emt 00:00:45]} 49.
Ne1 {[%clk 00:33:20]} {[%emt 00:03:00]} Bh4 {[%clk 00:35:03]} {[%emt 00:01:30]}
50. Nf3 {[%clk 00:33:23]} {[%emt 00:00:24]} Be7 {[%clk 00:34:47]} {[%emt
00:00:46]} 51. d5+ {[%clk 00:32:05]} {[%emt 00:01:51]} Kb6 {[%clk 00:34:37]}
{[%emt 00:00:40]} 52. Ne5 {[%clk 00:31:57]} {[%emt 00:00:21]} Bd6 {[%clk
00:32:52]} {[%emt 00:02:29]} 53. Nf3 {[%clk 00:28:21]} {[%emt 00:04:07]} Ka6
{[%clk 00:31:51]} {[%emt 00:01:30]} 54. Nd4 {[%clk 00:27:16]} {[%emt 00:01:32]}
Kb6 {[%clk 00:31:21]} {[%emt 00:01:04]} 55. Nf5 {[%clk 00:24:39]} {[%emt
00:03:00]} f3 {[%clk 00:29:42]} {[%emt 00:02:16]} 56. Ne3 {[%clk 00:24:38]}
{[%emt 00:00:31]} f2 {[%clk 00:29:43]} {[%emt 00:00:30]} 57. Nf1 {[%clk
00:25:00]} {[%emt 00:00:08]} Ka6 {[%clk 00:29:32]} {[%emt 00:00:41]} 58. Kd4
{[%clk 00:23:04]} {[%emt 00:02:26]} Kb5 {[%clk 00:29:08]} {[%emt 00:00:54]} 59.
Ke4 {[%clk 00:21:21]} {[%emt 00:02:12]} Kxb4 {[%clk 00:29:26]} {[%emt
00:00:13]} 60. Kf3 {[%clk 00:19:37]} {[%emt 00:02:05]} Kc4 {[%clk 00:29:20]}
{[%emt 00:00:39]} 61. Kxf2 {[%clk 00:19:49]} {[%emt 00:00:24]} Kxd5 {[%clk
00:29:39]} {[%emt 00:00:11]} 62. Ng3 {[%clk 00:19:02]} {[%emt 00:01:15]} Ke5
{[%clk 00:27:41]} {[%emt 00:02:28]} 63. Nh5 {[%clk 00:19:07]} {[%emt 00:00:25]}
Kf5 {[%clk 00:27:12]} {[%emt 00:01:01]} 64. Kf3 {[%clk 00:19:07]} {[%emt
00:00:29]} Kg5 {[%clk 00:26:23]} {[%emt 00:01:18]} 65. Ng3 {[%clk 00:18:58]}
{[%emt 00:00:40]} Bxg3 {[%clk 00:26:39]} {[%emt 00:00:15]} 66. Kxg3 {[%clk
00:19:18]} {[%emt 00:00:08]} Kh5 {[%clk 00:26:58]} {[%emt 00:00:11]} 67. h4
{[%clk 00:19:32]} {[%emt 00:00:17]} Kg6 {[%clk 00:27:16]} {[%emt 00:00:12]} 68.
Kg4 {[%clk 00:19:45]} {[%emt 00:00:14]} h5+ {[%clk 00:27:38]} {[%emt 00:00:10]}
69. Kf4 {[%clk 00:20:09]} {[%emt 00:00:07]} Kf6 {[%clk 00:27:44]} {[%emt
00:00:24]} 70. Kg3 {[%clk 00:20:31]} {[%emt 00:00:08]} Kf5 {[%clk 00:27:47]}
{[%emt 00:00:27]} 71. Kf3 {[%clk 00:20:50]} {[%emt 00:00:09]} Ke5 {[%clk
00:27:59]} {[%emt 00:00:19]} 72. Kg3 {[%clk 00:20:52]} {[%emt 00:00:28]} Kf5
{[%clk 00:28:21]} {[%emt 00:00:07]} 73. Kf3 {[%clk 00:21:17]} {[%emt 00:00:07]}
Ke5 {[%clk 00:28:38]} {[%emt 00:00:12]} 74. Kg3 {[%clk 00:21:37]} {[%emt
00:00:09]} Kf5 {[%clk 00:29:01]} {[%emt 00:00:10]} 75. Kf3 {[%clk 00:21:29]}
{[%emt 00:00:34]} Ke5 {[%clk 00:28:45]} {[%emt 00:00:12]} 1/2-1/2